Adobe InDesign CC Classroom in a Book / (Record no. 36171)

MARC details
000 -LEADER
fixed length control field 00504nam a22001817a 4500
005 - DATE AND TIME OF LATEST TRANSACTION
control field 20240723093343.0
008 - FIXED-LENGTH DATA ELEMENTS--GENERAL INFORMATION
fixed length control field 240723b |||||||| |||| 00| 0 eng d
020 ## - INTERNATIONAL STANDARD BOOK NUMBER
ISBN 9780135262153
082 ## - DEWEY DECIMAL CLASSIFICATION NUMBER
Classification number 686.225
Item number DEJ-C
100 ## - MAIN ENTRY--AUTHOR
Author Name Dejarld, Tina
245 ## - TITLE STATEMENT
Title Adobe InDesign CC Classroom in a Book /
Statement of responsibility, etc. Kelly Kordes Anton
260 ## - PUBLICATION, DISTRIBUTION, ETC.
Place of Publication USA:
Name of publisher, distributor, etc. India:
Date of publication, distribution, etc. 2019.
300 ## - PHYSICAL DESCRIPTION
Pages xiv, 429 p. :
500 ## - GENERAL NOTE
General note include index.
650 ## - SUBJECT ADDED ENTRY--TOPICAL TERM
Subject / Department Graphic design
700 ## - ADDED ENTRY--PERSONAL NAME
Personal name Kelly Kordes Anton
300 ## - PHYSICAL DESCRIPTION
-- ill;
-- 24 cm.
952 ## - LOCATION AND ITEM INFORMATION (KOHA)
-- 0
-- 0
952 ## - LOCATION AND ITEM INFORMATION (KOHA)
-- 0
-- 0
952 ## - LOCATION AND ITEM INFORMATION (KOHA)
-- 0
-- 0
952 ## - LOCATION AND ITEM INFORMATION (KOHA)
-- 0
-- 0
Holdings
Lost status Damaged status Collection code Permanent Location Current Location Shelving Location Date acquired Full Call Number Accession No./Barcode Date last seen Copy number item type Koha item type
    CS/IT Superior Information Resource Center (SIRC) Superior University- Gold Campus Superior Information Resource Center (SIRC) Superior University- Gold Campus Graphic design 07/23/2024 686.225 DEJ-A 2019 18135 07/23/2024 1 BOOK BOOK
    CS/IT Superior Information Resource Center (SIRC) Superior University- Gold Campus Superior Information Resource Center (SIRC) Superior University- Gold Campus Graphic design 07/23/2024 686.225 DEJ-A 2019 18136 07/23/2024 2 BOOK BOOK
    CS/IT Superior Information Resource Center (SIRC) Superior University- Gold Campus Superior Information Resource Center (SIRC) Superior University- Gold Campus Graphic design 07/23/2024 686.225 DEJ-A 2019 18137 07/23/2024 3 BOOK BOOK
    CS/IT Superior Information Resource Center (SIRC) Superior University- Gold Campus Superior Information Resource Center (SIRC) Superior University- Gold Campus Graphic design 07/23/2024 686.225 DEJ-A 2019 18138 07/23/2024 4 BOOK BOOK

Powered by Koha